|
|
|
|
| LEADER |
00000cam a2200000 7i4500 |
| 001 |
0000000716 |
| 005 |
20000925.0 |
| 020 |
0 |
0 |
|a 08888654294
|
| 090 |
0 |
0 |
|a 333.7516
|b CON 1996
|
| 110 |
1 |
0 |
|a CONFERENCE on the Ecological, Social & Political Issues of the Certification of Forest Management
|k 1996
|j Putrajaya, Selangor, Malaysia
|
| 245 |
1 |
0 |
|a UBC-UPM Conference on the Ecological, Social & Political Issues of the Certification of Forest Management, May 13-16 1996, Putrajaya, Selangor, Malaysia :
|b Proceedings
|
| 260 |
0 |
0 |
|a Vancouver, Canada; Serdang, Selangor :
|b University of British Columbia; Universiti Pertanian Malaysia ,
|c 1996
|
| 300 |
|
|
|a 313 p.
|
| 500 |
0 |
0 |
|a Includes bibliographical references
|
| 650 |
0 |
0 |
|a Forest management
|x Congresses
|
| 650 |
0 |
0 |
|a Sustainable forestry
|x Congresses
|
| 710 |
1 |
1 |
|a Universiti Pertanian Malaysia. Fakulti Perhutanan
|
| 710 |
1 |
1 |
|a University of British Columbia. Faculty of Forestry
|
| 999 |
|
|
|a 0000001256
|b Monograph
|c Open Shelf
|e Default branch
|
| 999 |
|
|
|a 0000001257
|b Monograph
|c Open Shelf
|e Default branch
|
| 999 |
|
|
|a 0000006427
|b Monograph
|c Open Shelf
|e Default branch
|